EL SOLDADITO DE PLOMO (Registro nro. 68481)

Detalles MARC
000 -LEADER
fixed length control field 00280nac a2200097zu 4500
008 - FIXED-LENGTH DATA ELEMENTS--GENERAL INFORMATION
fixed length control field 260114s1975 mx a|||br|||| 001 0 spa d
245 ## - TITLE STATEMENT
Title EL SOLDADITO DE PLOMO
Remainder of title Y OTROS CUENTOS
260 ## - PUBLICATION, DISTRIBUTION, ETC.
Place of publication, distribution, etc. MÉXICO:
Name of publisher, distributor, etc. PEPSA EDITORES
Date of publication, distribution, etc. 1975
300 ## - PHYSICAL DESCRIPTION
Extent 117 páginas;
Dimensions 18.3 X 12 cm
942 ## - ADDED ENTRY ELEMENTS (KOHA)
Source of classification or shelving scheme Dewey Decimal Classification
Koha item type General Infantil
Existencias
Withdrawn status Lost status Source of classification or shelving scheme Damaged status Not for loan Home library Current library Date acquired Source of acquisition Total Checkouts Full call number Date last seen Price effective from Koha item type
Material para descartar   Dewey Decimal Classification   Material No Para Préstamo BIBLIOTECA PÚBLICA CENTRAL ESTATAL “FRANCISCO CERVANTES” BIBLIOTECA PÚBLICA CENTRAL ESTATAL “FRANCISCO CERVANTES” 01/14/2026 DONADO   829/D10 01/14/2026 01/14/2026 General Infantil